MARC

Tag First Indicator Second Indicator Subfields
LEADER 00000cam a2200000Ia 4500
001 in00002472621
005 20210727085425.0
006 m d
007 cr cn|||||||||
008 081117s2006 txua sb 001 0 eng d
020 |a 0387399577 
020 |a 9780387399577 
035 |a (OCoLC)272294303 
035 |a (OCoLC)ocn272294303 
035 |a 3073812 
037 |a 978-0-387-39956-0  |b Springer  |n http://www.springerlink.com 
040 |a GW5XE  |b eng  |c GW5XE  |d UtOrBLW 
049 |a TEFA 
050 1 4 |a QH491  |b .S47 2006eb 
060 1 4 |a 2007 A-218 
060 1 4 |a QU 375  |b S554 2006 
070 1 |a QH491  |b .S47 2006 
082 0 4 |a 571/.833  |2 22 
245 0 0 |a Shh and Gli signalling and development /  |c [edited by] Carolyn E. Fisher, Sarah E.M. Howie. 
264 1 |a Georgetown, Tex. :  |b Landes Bioscience/Eurekah.com ;  |a New York, N.Y. :  |b Springer Science+Business Media,  |c [2006] 
264 4 |c ©2006 
300 |a 158 pages :  |b illustrations (some color) ;  |c 24 cm. 
336 |a text  |b txt  |2 rdacontent 
337 |a computer  |b c  |2 rdamedia 
338 |a online resource  |b cr  |2 rdacarrier 
490 1 |a Molecular biology intelligence unit 
500 |a Electronic resource. 
504 |a Includes bibliographical references and index. 
505 0 |a Limb pattern formation: upstream and downstream of Shh signalling / Aimée Zuniga and Antonella Galli -- Sonic hedgehog signalling in the developing and regenerating fins of zebrafish / Fabien Avaron, Amanda Smith, and Marie-Andrée Akimenko -- Hedgehog signalling in T-lymphocyte development / Susan Outram, Ariadne L. Hager-Theodorides, and Tessa Crompton -- Hedgehog signalling in prostate morphogenesis / Marilyn L.G. Lamm and Wade Bushman -- Sonic hedgehog signalling in visceral organ development / Huimin Zhang, Ying Litingtung, and Chin Chiang -- Shh/Gli signalling during murine lung development / Martin Rutter and Martin Post -- New perspectives in Shh signalling? / Carolyn E. Fisher. 
505 0 |a Sonic hedgehog signalling in dorsal midline and neural development / Silvia L. López and Andrés E. Carrasco -- Role of hedgehog and Gli signalling in telencephalic development / Paulette A. Zaki, Ben Martynoga, and David J. Price -- Role of Shh and Gli signalling in oligodendroglial development / Min Tan, Yingchuan Qi, and Mengsheng Qiu -- The role of sonic hedgehog signalling in craniofacial development / Dwight Cordero, Minal Tapadia, and Jill A. Helms -- Multiple roles for hedgehog signalling in zebrafish eye development / Deborah L. Stenkamp -- Sonic hedgehog signalling during tooth morphogenesis / Martyn T. Cobourne, Isabelle Miletich, and Paul T. Sharpe -- 
533 |a Electronic reproduction.  |b New York :  |c Springer,  |d 2008.  |n Mode of access: World Wide Web.  |n System requirements: Web browser.  |n Title from title screen (viewed on Nov. 10, 2008).  |n Access may be restricted to users at subscribing institutions. 
650 1 2 |a Embryonic Induction  |x physiology.  |0 https://id.nlm.nih.gov/mesh/D004627Q000502 
650 2 2 |a Organogenesis  |x physiology.  |0 https://id.nlm.nih.gov/mesh/D038081Q000502 
650 2 2 |a Signal Transduction  |x physiology.  |0 https://id.nlm.nih.gov/mesh/D015398Q000502 
650 2 2 |a Transcription Factors  |x genetics.  |0 https://id.nlm.nih.gov/mesh/D014157Q000235 
650 0 |a Cellular signal transduction.  |0 http://id.loc.gov/authorities/subjects/sh89002397 
650 0 |a Developmental genetics.  |0 http://id.loc.gov/authorities/subjects/sh85037356 
650 0 |a Morphogenesis  |x Molecular aspects.  |0 http://id.loc.gov/authorities/subjects/sh93004247 
650 0 |a Transcription factors.  |0 http://id.loc.gov/authorities/subjects/sh92005483 
655 7 |a Electronic books.  |2 local 
700 1 |a Fisher, Carolyn E.  |0 http://id.loc.gov/authorities/names/n2006183396 
700 1 |a Howie, Sarah E. M.  |0 http://id.loc.gov/authorities/names/no2007002289 
710 2 |a SpringerLink (Online service)  |0 http://id.loc.gov/authorities/names/no2005046756 
776 1 |c Original  |z 0387399569  |z 9780387399560  |w (DLC) 2006025296  |w (OCoLC)70829739 
830 0 |a Molecular biology intelligence unit (Unnumbered)  |0 http://id.loc.gov/authorities/names/n93070176 
856 4 0 |u http://proxy.library.tamu.edu/login?url=https://dx.doi.org/10.1007/978-0-387-39957-7  |z Connect to the full text of this electronic book  |t 0 
856 4 2 |3 Publisher description  |u http://www.loc.gov/catdir/enhancements/fy0825/2006025296-d.html  |t 0 
994 |a C0  |b TEF 
999 |a MARS 
999 f f |s dcb4c956-54d7-339f-8949-fab520817d68  |i db73a0b9-7cb7-3a19-b1e4-10c612a5b81f  |t 0 
952 f f |a Texas A&M University  |b College Station  |c Electronic Resources  |d Available Online  |t 0  |e QH491 .S47 2006eb  |h Library of Congress classification 
998 f f |a QH491 .S47 2006eb  |t 0  |l Available Online